| 000 | 004600000a22001810004500 | ||
|---|---|---|---|
| 003 | MACL | ||
| 005 | 20150929120727.0 | ||
| 008 | 150929b xxu||||| |||| 00| 0 eng d | ||
| 040 |
_aMACL _cMACL |
||
| 041 | _aEnglish | ||
| 082 | _a891/JHA | ||
| 100 |
_aJha, Shailendra mohan _912625 |
||
| 245 |
_aHari Mohan Jha _bMakers Of Indian Literature |
||
| 260 |
_aDelhi _bSahitaya Academy _c1994 |
||
| 350 | _a15 | ||
| 650 |
_aLiterature _912626 |
||
| 942 |
_cBK _k891 _2ddc |
||
| 999 |
_c1468 _d1468 |
||